Movies Quiz

Random Movies or Clickable Quiz
Score 0/10 Timer 01:30
0 Plays Today
% Correct
Mike Myers, Dana Carvey, Rob Lowe
99.1%
Whoopi Goldberg, Maggie Smith, Kathy Najimy
98.2%
Tom Cruise, Jack Nicholson, Demi Moore
97.3%
Sharon Stone, Michael Douglas, Jeanne Tripplehorn
97.3%
Kevin Costner, Whitney Houston, Gary Kemp
97.3%
Joe Pesci, Ralph Macchio, Marisa Tomei
95.6%
Clint Eastwood (who also directed it), Morgan Freeman, Gene Hackman
94.7%
Harvey Keitel, Tim Roth, Chris Penn
92%
Gary Oldman, Winona Ryder, Keanu Reeves
89.4%
Anthony Hopkins, Emma Thompson, Vanessa Redgrave
87.6%
Remove Ads.
Support Sporcle.
Get the best of Sporcle when you Go Orange. This ad-free experience offers more features, more stats, and more fun while also helping to support Sporcle. Thank you for becoming a member.

You're not logged in!

Compare scores with friends on all Sporcle quizzes.
OR
Log In

Show Comments

Extras

Created Dec 25, 2014ReportNominate
Tags:Cast Quiz, Clickable Quiz, 1992

Top Quizzes Today


Score Distribution

Your Account Isn't Verified!

In order to create a playlist on Sporcle, you need to verify the email address you used during registration. Go to your Sporcle Settings to finish the process.

Report this User

Report this user for behavior that violates our Community Guidelines.

Details: